HGGSP Terminale - Faire la guerre faire la paix (Dates) - Statistiques

Statistiques générales
  • Ce quiz a été pris 91 fois
  • Le résultat moyen est 15 sur 27
Statistiques - réponses
Evenement Date % Correct
Première Guerre mondiale (Année) 1914-1918
85%
Création de l'Etat d'Israël (Année) 1948
80%
Attentats en France commandités par Al-Qaïda et Daech (Année) 2015
76%
Seconde Guerre mondiale (Année) 1939-1945
75%
Traité de Westphalie (Année) 1648
73%
Seconde Guerre du Golfe (Année) 2003
71%
Guerre du Kippour (Année) 1973
68%
Opérations d'attentats-suicides d'Al-Qaïda aux Etats-Unis (Jour) 11 septembre 2001
66%
Création TPIY (Année) 1993
66%
Traité de paix entre Israël et la Jordanie (Année) 1994
66%
Création TPIR (Année) 1994
66%
Guerre de trente ans (Année) 1618-1648
59%
Guerre de sept ans (Année) 1756-1763
59%
Guerre des Six Jours (Année) 1967
58%
Printemps arabes (Année) 2011
58%
Guerre Froide (Année) 1947-1991
56%
Accords de Camp David (Année) 1978
56%
Seconde Guerre israélo-arabe ou "Crise du canal de Suez" (Année) 1956
54%
Intervention de l'OTAN en Bosnie-Herzégovine (Année) 1995
54%
Fondation d'Al-Qaïda (Année) 1987
51%
Naissance de Daech (Année) 2006
51%
Révolution islamique en Iran (Année) 1979
46%
Daech prend le nom de l'Etat islamique (Année) 2014
44%
Première Guerre du Golfe (Année) 1990-1991
31%
Première Guerre israélo-arabe (Année) 1948-1949
29%
Guerres napoléoniennes (Année) 1803-1815
24%
Intervention des Etats-Unis en Afghanistan (Mois et Année) octobre 2001
12%
Aucun quiz correspondant
Distribution des résultats
% des personnes avec chaque résultat
Percentile par nombre de réponses
Votre historique - résultats
Vous n’avez pas pris ce quiz